000 00567nam a2200217Ia 4500
003 OSt
005 20220925220405.0
006 a|||||r|||| 00| 0
007 ta
008 220923b |||||||| |||| 00| 0 eng d
037 _cGeneral Book
040 _aRTL
_cRTL
_beng
041 _2eng
_aeng
082 _aXz7, L0
100 _aPaish F W
_9283246
245 0 _aHow the economy works and other essays
260 _aLondon
_bMacmillan
_c1970
300 _ax, 238P
_ccm.
942 _hXz7, L0
_cGB
_2CC
999 _c571311
_d571311